2025/26 European Football Clubs - Statistics

General Stats
  • This quiz has been taken 113 times
  • The average score is 71 of 108
Answer Stats
Answer % Correct
Barcelona
98%
Ajax
97%
Arsenal
97%
Inter Milan
97%
Manchester City
97%
Real Madrid
97%
Atlético Madrid
95%
Bayern Munich
95%
Borussia Dortmund
94%
Chelsea
94%
Juventus
94%
Liverpool
93%
Tottenham Hotspur
93%
Aston Villa
92%
Athletic Bilbao
92%
Benfica
92%
Napoli
92%
Lyon
91%
Paris Saint-Germain
91%
Atalanta
90%
PSV Eindhoven
90%
Sporting CP
90%
Bayer Leverkusen
89%
Newcastle United
89%
Porto
89%
Club Brugge
88%
Marseille
86%
Villarreal
85%
Slavia Prague
84%
Bodø/Glimt
83%
Eintracht Frankfurt
83%
Monaco
83%
Feyenoord
82%
Galatasaray
82%
Olympiacos
82%
Roma
82%
Copenhagen
81%
Kairat
80%
Pafos
80%
Real Betis
78%
Bologna
77%
Dynamo Kyiv
77%
Rangers
77%
Crystal Palace
76%
Fiorentina
76%
Celtic
74%
Braga
73%
Nottingham Forest
73%
Qarabağ
73%
Fenerbahçe
72%
AZ Alkmaar
69%
Lille OSC
68%
Sparta Prague
68%
Red Bull Salzburg
67%
VfB Stuttgart
67%
Genk
66%
Union Saint-Gilloise
66%
Viktoria Plzeň
66%
Nice
65%
Strasbourg
65%
Crvena Zvezda
64%
FCSB
64%
Panathinaikos
64%
PAOK
64%
Malmö FF
63%
Dinamo Zagreb
61%
Ferencváros
60%
Legia Warsaw
60%
Young Boys
58%
Midtjylland
56%
Ludogorets Razgrad
55%
Sturm Graz
55%
Basel
53%
Lech Poznań
53%
Celta Vigo
52%
Rapid Wien
52%
Aberdeen
51%
AEK Athens
51%
Go Ahead Eagles
50%
Mainz 05
50%
SC Freiburg
50%
Utrecht
48%
Maccabi Tel Aviv
47%
Rayo Vallecano
47%
Slovan Bratislava
45%
AEK Larnaca
41%
Celje
41%
Lincoln Red Imps
41%
Shaktar Donetsk
41%
Jagiellonia Białystok
40%
Raków Częstochowa
40%
Shamrock Rovers
40%
Noah
39%
Omonia
39%
Rijeka
38%
Brann
36%
Samsunspor
34%
Sigma Olomouc
32%
Hamrun Spartans
31%
Shelbourne
30%
Universitatea Craiova
30%
KuPS
28%
Lausanne-Sport
28%
Zrinjski Mostar
28%
Breiðablik
26%
Shkëndija
25%
BK Häcken
23%
Drita
18%
No matching quizzes found
Score Distribution
Percent of People with Each Score
Percentile by Number Answered
Your Score History
You have not taken this quiz